Pays frontaliers de la même taille - Statistiques

Statistiques générales
  • Ce quiz a été pris 594 fois
  • Le résultat moyen est 17 sur 30
Statistiques - réponses
Ratio Continent Pays % Correct
1,090 Europe France
85%
1,015 Amérique du nord Canada
83%
Espagne
83%
Etats Unis
83%
Niger
70%
1,022 Afrique Niger
70%
1,051 Europe Hongrie
68%
1,064 Europe Autriche
67%
Mali
66%
1,013 Afrique Tchad
66%
République tchèque
64%
Serbie
61%
1,033 Amérique du nord Honduras
58%
Guatemala
56%
Lettonie
53%
1,011 Europe Lituanie
53%
1,040 Europe Finlande
51%
Norvege
51%
Zambie
51%
Zambie
51%
1,062 Afrique Mozambique
49%
1,095 Afrique Namibie
49%
Kenya
47%
1,077 Afrique Somalie
44%
Rwanda
43%
1,057 Afrique Burundi
42%
1,058 Afrique Soudan du sud
40%
République centrafricaine
39%
Ouzbekistan
31%
1,087 Asie Turkmenistan
31%
Aucun quiz correspondant
Distribution des résultats
% des personnes avec chaque résultat
Percentile par nombre de réponses
Votre historique - résultats
Vous n’avez pas pris ce quiz